000
00315nam a22001217a 4500
008
230629b xxu||||| |||| 00| 0 eng d
082
_a
346.6
_b
ONA 1986
100
_c
P. L. Omalo
245
_a
Land Law and Conveyancing in Kenya
260
_a
Kenya
_b
Heinemann Kenya Ltd
_c
1986
300
_a
XII,298p
942
_2
ddc
_c
BK
999
_c
3114
_d
3114